| 000 | 00451nam a2200169Ia 4500 | ||
|---|---|---|---|
| 008 | 210423s2009 xx 000 0 und d | ||
| 020 | _a100070221162 | ||
| 041 | _aeng | ||
| 082 | _a658.15 APTP | ||
| 100 | _aAPTE (Prakash G). | ||
| 245 | _aInternational finanacial management. | ||
| 250 | _a5 | ||
| 260 |
_aNew Delhi _bTata McGraw-hill _c2009 |
||
| 300 |
_aXV,696 _bPB |
||
| 365 |
_b410 _cINR |
||
| 906 | _afinanacial ; International ; management. | ||
| 999 |
_c157454 _d157454 |
||